| 000 | 00740nam a2200217 a 4500 | ||
|---|---|---|---|
| 005 | 20210223130341.0 | ||
| 008 | 071126s2001 mx r 000 0 spa d | ||
| 020 | _a9684763654 | ||
| 035 | _aUPN01000153659 | ||
| 049 | _aCG | ||
| 050 | 4 |
_aB4372 S5 _bK5.3 |
|
| 100 | 1 |
_aKierkegaard, Soren Aabye, _d1813-1855 _928829 |
|
| 245 | 1 | 0 |
_aCartas del noviazgo / _cSören A. Kierkegaard ; tr. Carlos Correas. |
| 260 |
_aMéxico : _bFontamara, _c2001. |
||
| 300 | _a98 p. | ||
| 440 | 0 |
_aFontamara ; _v233 |
|
| 534 |
_pTítulo original : _tLettres des fiancailles |
||
| 600 | 1 | 4 |
_aKIERKEGAARD, SOREN, _d1813-1855 - _vCORRESPONDENCIA, MEMORIAS, ETC. _99005 |
| 650 | 4 |
_aFILOSOFOS - _zDINAMARCA - _vCORRESPONDENCIA, MEMORIAS, ETC. _99006 |
|
| 905 | _aLibro | ||
| 999 |
_c125780 _d125780 |
||